Word Ladder: Birds Quiz Stats

 Plays Quiz Updated Mar 6, 2013

     
Support Sporcle.
Go Orange.
Score 0/19 Timer 02:00
7 Plays Today
Clue 4-Letter Word % Correct
Drew Barrymore's 'Never ___ Kissed'BEEN
98.1%
High school age, informallyTEEN
98%
Lima or pinto, e.g.BEAN
95%
Oscar winner PennSEAN
89.6%
German sausageBRAT
87.4%
Resident of the UKBRIT
83%
The colored portion of the eyeIRIS
80.4%
Jewish ritual circumcisionBRIS
69.8%
BoastBRAG
68.4%
0.035 ouncesGRAM
67.2%
Clue 4-Letter Word % Correct
Toke of a cigaretteDRAG
61.4%
Glance over quicklySCAN
60.8%
The type of 'bag' that means pot luckGRAB
60.1%
Dull and lifelessDRAB
58.6%
Bowie's genreGLAM
53.9%
The Ponzi is one of themSCAM
53.2%
Seabird in the gull familyTERN
49.4%
Hit song by OnyxSLAM
44.1%
Stork-like birdIBIS
39.7%

Today's Daily Dose

Get the Picture
Alien TV Shows

From the Vault

Movie Posters VII

by SporcleEXP

Movies 6m
All the feel of a movie theater lobby, without that popcorn smell.
Remove Ads.
Support Sporcle.
Get the best of Sporcle when you Go Orange. This ad-free experience offers more features, more stats, and more fun while also helping to support Sporcle. Thank you for becoming a member.

Show Comments

Extras

Top Quizzes Today


Score Distribution

Your Account Isn't Verified!

In order to create a playlist on Sporcle, you need to verify the email address you used during registration. Go to your Sporcle Settings to finish the process.

Report this User

Report this user for behavior that violates our Community Guidelines.

Details: